Statistics for Complete the Movie Title (2007)

Click here to take the quiz!

General Stats

  • This quiz has been taken 80 times
  • The average score is 18 of 25

Answer Stats

HintAnswer% Correct
Alvin and the __________Chipmunks
99%
Night at the ______Museum
99%
Harry Potter and the Order of the _______Phoenix
94%
Meet the _________Robinsons
89%
Mr. Bean’s _______Holiday
88%
Music and ______Lyrics
82%
Pan’s _________Labyrinth
81%
The Bourne _________Ultimatum
79%
The ________ MovieSimpsons
78%
The _____ Have Eyes 2Hills
76%
Fantastic Four: Rise of the Silver ______Surfer
76%
I Think I Love My ____Wife
76%
Daddy’s Little _____Girls
75%
American ________Gangster
74%
_____ of FuryBalls
72%
________ of MenChildren
68%
The Golden _______Compass
65%
Lions for _____Lambs
63%
Charlie Wilson’s ___War
60%
Stomp the ____Yard
51%
The Painted ____Veil
50%
30 Days of _____Night
49%
Arthur and the __________Invisibles
47%
The Astronaut ______Farmer
32%
In the Land of _____Women
28%

Score Distribution

Percentile by Number Answered

Percent of People with Each Score

Your Score History

You have not taken this quiz